| 000 | 01015nam a22003257a 4500 | ||
|---|---|---|---|
| 001 | BR2016003525 | ||
| 003 | BR-BrBNA | ||
| 005 | 20230928104945.0 | ||
| 007 | ta | ||
| 008 | 230509b bl.||||| |||| 00| 0 por d | ||
| 040 |
_aBR-BrBNA _bpor _cBiblioteca Nacional de Agricultura |
||
| 041 | _a(Por) | ||
| 072 |
_aL73 _b6100 |
||
| 090 | _ 6100 BR2016003525 | ||
| 100 | 1 | _aBarcelos, A.C.M; | |
| 110 | 1 |
_aUniversidade Federal Fluminense, Niteroi, RJ (Brasil) _0Tese (Mestre em Medicina Veterinária) _911194 |
|
| 245 | 1 | _aPesquisa de anticorpos das classes IGM e IGG em frangos vacinados e agredidos com vírus da doença de newcastle | |
| 260 | 3 |
_aNiterói, RJ (Brasil): _c1977. |
|
| 300 | _a58 p. | ||
| 500 | _aBibliography p. 53-58; Summary (Por); 8 graphs.; 16 tables | ||
| 650 | _aANTICORPO | ||
| 650 | _aIMUNOGLOBULINA | ||
| 650 | _aVACINA | ||
| 650 | _aVÍRUS | ||
| 650 | _aDOENÇA ANIMAL | ||
| 650 | _aNEWCASTLE | ||
| 650 | _aPESQUISA | ||
| 909 |
_a202309 _bLucia _c55 _dLucia Elande |
||
| 942 | _cBK | ||
| 999 |
_c82632 _d82632 |
||